Computación en la nube : estrategias de Cloud Computing en las empresas /
Contenido: 1. Introducción a la computación en la nube (Cloud Computing); 2. La nube en organizaciones y empresas; 3. Arquitectura de la nube: modelos de servicio y despliegue; 4. Innovaciones tecnológicas que han acelerado la nube: de la geolocalización al Internet de las cosas; 5. Web 2.0 y la nub...
Bewaard in:
| Hoofdauteur: | |
|---|---|
| Formaat: | Boek |
| Taal: | Spaans |
| Gepubliceerd in: |
México :
Alfaomega,
2012, c2012
|
| Onderwerpen: | |
| Tags: |
Geen labels, Wees de eerste die dit record labelt!
|
MARC
| LEADER | 00000nam^a2200000^a^4500 | ||
|---|---|---|---|
| 001 | 000333268 | ||
| 005 | 20250521000000.0 | ||
| 009 | 20260310114126.964 | ||
| 020 | |a 978-607-707-468-7 | ||
| 037 | |a Acervo ITESO - Biblioteca | ||
| 041 | |a ESP | ||
| 082 | |a 621. 382171 |b JOY | ||
| 100 | |a Joyanes Aguilar, Luis |e (autor) | ||
| 245 | 1 | 0 | |a Computación en la nube : |b estrategias de Cloud Computing en las empresas / |c L. Joyanes Aguilar. |
| 264 | 4 | |a México : |b Alfaomega, |c 2012, c2012 | |
| 300 | |a XXVIII, 520 p. | ||
| 336 | |a texto |b txt |2 rdacontenido | ||
| 337 | |a sin mediación |b n |2 rdamedio | ||
| 338 | |a volumen |b nc |2 rdasoporte | ||
| 520 | |a Contenido: 1. Introducción a la computación en la nube (Cloud Computing); 2. La nube en organizaciones y empresas; 3. Arquitectura de la nube: modelos de servicio y despliegue; 4. Innovaciones tecnológicas que han acelerado la nube: de la geolocalización al Internet de las cosas; 5. Web 2.0 y la nube: los medios sociales al poder; 6. Virtualización; 7. Almacenamiento basado en la nube (Cloud Storage); 8. Seguridad de la nube; 9. Privacidad; 10. Estándares de la nube; 11. Centros de datos: el ahorro de CO2 en la nube; 12. Proveedores de servicios en la nube; 13. Software como servicio: casos de estudio; 14. Big Data y Open Data: el universo digital de datos; 15. Dispositivos móviles: tecnologías, teléfonos inteligentes, tabletas; 16. La nube móvil y el ecosistema de aplicaciones web; 17. Las tecnologías del futuro: el camino seguro a Cloud Computing; 18. El futuro de la nube. | ||
| 649 | |a XX | ||
| 650 | |a Computación en la Nube - |x Tema Principal | ||
| 650 | |a Proceso Electrónico de Datos | ||
| 650 | |a Cómputo Distribuido | ||
| 650 | |a Almacenamiento de Información (Cómputo) | ||
| 650 | |a Internet de las Cosas | ||
| 650 | |a Internet - |x Función Organizacional | ||
| 650 | |a Sistemas de Información | ||
| 650 | |a Tecnologías de Comunicación e Información - |x Función Organizacional | ||
| 650 | |a Ciencias Administrativas | ||
| 650 | |a Ingeniería Computacional | ||
| 910 | |a Fondo General | ||
| 920 | |a Impresos - Libros | ||
| 930 | |a Colección General | ||
| 905 | |a 101 | ||
| 901 | |a 0500222987 |b IT1 |c ACC |i C137764 |u 20250521 | ||
| 902 | |a https://opac.biblio.iteso.mx/vufind/Record/000333268 | ||